Temples on the Tirtha of Baroli: (Record no. 213606)
[ view plain ]
| 000 -LEADER | |
|---|---|
| fixed length control field | 00674nam a22001937a 4500 |
| 005 - DATE AND TIME OF LATEST TRANSACTION | |
| control field | 20251007153733.0 |
| 010 ## - LCCN (DPL NO) | |
| LC control number | ENG-146958 |
| 020 ## - INTERNATIONAL STANDARD BOOK NUMBER | |
| International Standard Book Number | 9788195078134 |
| Terms of availability | 3600.00 |
| 035 ## - SYSTEM CONTROL NUMBER | |
| System control number | EN-130490 |
| 037 ## - SOURCE OF ACQUISITION | |
| Source of stock number/acquisition | DBAD |
| Stock number | DPL |
| 082 ## - DEWEY DECIMAL CLASSIFICATION NUMBER | |
| Classification number | 954.42 |
| Edition number | 1 |
| 100 ## - MAIN ENTRY--PERSONAL NAME | |
| Personal name | Mankodi, Kirit |
| 245 ## - TITLE STATEMENT | |
| Title | Temples on the Tirtha of Baroli: |
| Remainder of title | (Vol-1 : Text : Sculpture-Iconography-Inscriptions)/ |
| Statement of responsibility, etc | Kirit Mankodi [and] Michel Postel |
| 260 ## - PUBLICATION, DISTRIBUTION, ETC. (IMPRINT) | |
| Place of publication, distribution, etc | Mumbai |
| Name of publisher, distributor, etc | Franco-Indian Research Pvt Ltd |
| Date of publication, distribution, etc | 2025 |
| 270 ## - ADDRESS | |
| Address | 20, Dr. E. Moses Road |
| City | Mumbai |
| Postal code | 400011 |
| 300 ## - PHYSICAL DESCRIPTION | |
| Extent | x, 160p. |
| Dimensions | 28cm(hb) |
| Other physical details | Col.,Ill. |
| 700 ## - ADDED ENTRY--PERSONAL NAME | |
| Personal name | Postel, Michel |
| Relator term | Author |
| 9 (RLIN) | 85415 |
| 942 ## - ADDED ENTRY ELEMENTS (KOHA) | |
| Source of classification or shelving scheme | Dewey Decimal Classification |
| Item type | English Books |
| Call number suffix | MAN |
| Classification part | 954.42 |
| Withdrawn status | Lost status | Not for loan | Collection code | Home library | Current library | Date acquired | Source of acquisition | Cost, normal purchase price | Full call number | Barcode | Copy number | Cost, replacement price | Koha item type |
|---|---|---|---|---|---|---|---|---|---|---|---|---|---|
| Not For Loan | Reference | Central Library | Central Library | 07/10/2025 | Delivery of Books Act Division | 3600.00 | MAN 954.42 | EN-130490 | 1 | 3600.00 | English Books |
